[Event "South America-ch U20"]
[Site "Chess.com INT"]
[Date "2021.06.19"]
[Round "5"]
[White "Gonzalez Gonzalez, Valentina Anto"]
[Black "Poblete Valdes, Sofia Antonia"]
[Result "1-0"]
[WhiteElo "1198"]
[BlackElo "1024"]
[PlyCount "125"]
[EventDate "2021.06.19"]
[EventType "swiss"]
[EventRounds "7"]
[EventCountry "CHI"]
[SourceTitle "CBM 203 Extra"]
[Source "ChessBase"]
[SourceDate "2021.09.30"]
[SourceVersion "1"]
[SourceVersionDate "2021.09.30"]
[SourceQuality "1"]

1. e4 c5 2. Nf3 e6 3. d4 cxd4 4. Nxd4 a6 5. Nc3 Qc7 6. Bd3 d6 7. 0-0 Nf6 8. Bg5 Nbd7 9. Rc1 Be7 10. Nf3 0-0 11. Ne2 b6 12. c4 Qd8 13. Qb3 Bb7 14. Nc3 Rc8 15. Rfe1 Nc5 16. Qc2 Nxd3 17. Qxd3 Nd7 18. Bxe7 Qxe7 19. e5 dxe5 20. Nxe5 Nc5 21. Qg3 Qf6 22. b4 Rcd8 23. bxc5 bxc5 24. Ne4 Bxe4 25. Rxe4 Rd6 26. Ng4 Qg6 27. Qxd6 Qxe4 28. Qg3 Qg6 29. h3 Rd8 30. Re1 h5 31. Ne5 Qxg3 32. fxg3 f6 33. Nc6 Rd6 34. Na5 e5 35. Kf2 g5 36. Ke3 Rd4 37. Rc1 e4 38. Nb7 Rd3+ 39. Kxe4 Rxg3 40. Kf5 Kg7 41. Nxc5 Rxg2 42. Ne6+ Kf7 43. Nd8+ Ke7 44. Nc6+ Kf7 45. Re1 Rf2+ 46. Ke4 Rf4+ 47. Kd5 Rf5+ 48. Kd6 Rf4 49. c5 f5 50. Ne5+ Kf6 51. Nd7+ Kf7 52. Re7+ Kg6 53. c6 Re4 54. Rxe4 fxe4 55. c7 e3 56. c8Q e2 57. Qe8+ Kg7 58. Qxe2 g4 59. hxg4 hxg4 60. Qxg4+ Kf7 61. Ne5+ Ke8 62. Qd7+ Kf8 63. Qf7# 1-0

[Event "South America-ch U10 Girls 16th"]
[Site "Buenos Aires"]
[Date "2019.12.03"]
[Round "4.9"]
[White "Romero Etienot, Maria Clara"]
[Black "Poblete Valdes, Sofia Antonia"]
[Result "0-1"]
[WhiteElo "1091"]
[BlackElo "1031"]
[PlyCount "160"]
[EventDate "2019.12.01"]
[EventType "swiss"]
[EventRounds "9"]
[EventCountry "ARG"]
[SourceTitle "EXT 2024"]
[Source "ChessBase"]
[SourceDate "2023.10.10"]
[SourceVersion "1"]
[SourceVersionDate "2023.10.10"]
[SourceQuality "1"]

1. d4 d5 2. Nf3 Bg4 3. Nbd2 Nf6 4. e3 e6 5. Be2 Bd6 6. h3 Bh5 7. 0-0 0-0 8. b3 c6 9. Bb2 Nbd7 10. Ne5 Bxe2 11. Qxe2 Bb8 12. f4 Nb6 13. c4 Bxe5 14. fxe5 Ne4 15. Nxe4 dxe4 16. Ba3 Re8 17. Qf2 Qd7 18. Qh4 a5 19. Qxe4 a4 20. Rf4 g6 21. Rh4 Kh8 22. Qf4 f5 23. exf6 Qf7 24. Bc5 Nd7 25. Rf1 Nxc5 26. dxc5 Rf8 27. e4 Qg8 28. f7 Qg7 29. Qf6 Qxf6 30. Rxf6 Rad8 31. Rxg6 Rxf7 32. Rxe6 Rd1+ 33. Kh2 Rd2 34. Rg4 Rf8 35. Re7 Rxa2 36. Rgg7 Re8 37. Rxh7+ Kg8 38. Reg7+ Kf8 39. Rxb7 Kg8 40. Rbe7 Rxe7 41. Rxe7 axb3 42. Re8+ Kf7 43. Rb8 b2 44. Kg3 Ke7 45. Kf3 Kd7 46. Ke3 Kc7 47. Rb4 Kd7 48. Kd3 Ke6 49. Kc3 Ra3+ 50. Kxb2 Re3 51. Rb3 Rxe4 52. Rc3 Re2+ 53. Kb3 Rxg2 54. Rd3 Ke5 55. Kb4 Rb2+ 56. Rb3 Rc2 57. Rc3 Rb2+ 58. Ka3 Rb7 59. Ka4 Kd4 60. Rb3 Ra7+ 61. Kb4 Rb7+ 62. Ka3 Ra7+ 63. Kb4 Rb7+ 64. Ka3 Ra7+ 65. Kb2 Kxc4 66. Rc3+ Kd4 67. h4 Rh7 68. Rh3 Kxc5 69. Kc3 Kd5 70. Kd3 c5 71. Kc3 Ra7 72. Kd2 Ra2+ 73. Ke1 Kd4 74. Kd1 c4 75. h5 c3 76. Kc1 Ra1+ 77. Kc2 Ra2+ 78. Kc1 Kc4 79. h6 Kb3 80. h7 Ra1# 0-1